000
00295nam a2200121Ia 4500
008
241002s9999 xx 000 0 und d
082
_a
808.3 JOY
100
_a
Joyce, James
245
2
_a
A portrait of the artist as a young man
260
_a
London:
_c
1966
600
_a
Literature
942
_c
UC
999
_c
18772
_d
18772